Movies Quiz

Random Movies or Clickable Quiz

Honest Movie Titles Quiz Stats

Quiz Updated Jun 17, 2016

Challenge
Share
Tweet
Embed
Score 0/20 Timer 05:00
2 Plays Today
% Correct
Aladdin
94.2%
Jurassic World
92.9%
Boyhood
92.3%
Furious 7
91.4%
Guardians of the Galaxy
90.2%
Ant-Man
89.6%
8 Mile
88.2%
Labyrinth
87.7%
Minions
85.4%
Gone Girl
83.9%
% Correct
Pitch Perfect
80.7%
Inside Out
77.5%
Armageddon
76.6%
Mission: Impossible
76.4%
Iron Man
74.8%
Spectre
72.2%
The Martian
71.2%
Interstellar
70.6%
Superman
69.5%
Daredevil
67.5%

You're not logged in!

Compare scores with friends on all Sporcle quizzes.
Join for Free
OR
Log In

You Might Also Like...

Show Comments

Extras

Top Quizzes Today


Score Distribution

Your Account Isn't Verified!

In order to create a playlist on Sporcle, you need to verify the email address you used during registration. Go to your Sporcle Settings to finish the process.

Report this User

Report this user for behavior that violates our Community Guidelines.

Details: